000
00262nam a2200097Ia 4500
008
220204s9999 xx 000 0 und d
082
_a
339.562+339.564(058)
_b
IND
245
0
_a
Indian import export directory 1991
260
_a
Delhi
_b
Tele direct
_c
1991
942
_c
BK
999
_c
40240
_d
40240